Derecho de alimentos

Zapisane w:
Opis bibliograficzny
1. autor: Chávez Chávez, Eric Andrés (autor)
Format: Nieznany
Język:angielski
Wydane: Santiago, Chile: Tofulex Ediciones Jurídicas, 2022
Wydanie:3ª Edición.
Seria:Derecho
Hasła przedmiotowe:
Etykiety: Dodaj etykietę
Nie ma etykietki, Dołącz pierwszą etykiete!

MARC

LEADER 00000 a2200000 4500
003 CL-VaPUC
005 20231031105559.0
008 220413b2021 ||||| |||| 00| 0 eng d
999 |c 435336  |d 435334 
020 |a DFM948 
040 |c Pontificia Universidad Católica de Valparaíso 
082 7 |a 346.830172 CHA 2022  |2 22 
100 1 |a Chávez Chávez, Eric Andrés   |9 868141  |e autor 
245 1 |a Derecho de alimentos 
250 |a 3ª Edición.   |b Actualizada, aumentada, corregida y complementada con la Ley 21.389 publicada D.O Noviembre 2021. 
260 |a Santiago, Chile:   |b Tofulex Ediciones Jurídicas,   |c 2022 
300 |a 278 páginas  
490 |a Derecho 
583 |k GC  |c 20220413 
650 0 |a Derecho de familia  |9 255603 
650 0 |a Pensiones alimenticias  |9 371913 
650 0 |a Juicio de alimentos  |9 336568 
942 |2 ddc  |c BK 
952 |0 0  |1 0  |2 ddc  |4 0  |6 346_830172000000000_CHA_2022  |7 0  |8 A  |9 582593  |a BIBGIM  |b BIBGIM  |c GEN  |d 2022-04-13  |e 142  |g 32806.67  |i 5650598  |o 346.830172 CHA 2022  |p 5650598  |r 2025-01-15  |t 3  |v 32806.67  |w 2022-04-13  |y BK  |k SSL 
952 |0 0  |1 0  |2 ddc  |4 0  |6 346_830172000000000_CHA_2022  |7 0  |8 A  |9 582594  |a BIBGIM  |b BIBGIM  |c GEN  |d 2022-04-13  |e 142  |g 32806.67  |i 5650596  |l 2  |m 9  |o 346.830172 CHA 2022  |p 5650596  |q 2025-07-31  |r 2025-01-14  |s 2025-01-14  |t 1  |v 32806.67  |w 2022-04-13  |y BK  |k SSL 
952 |0 0  |1 0  |2 ddc  |4 0  |6 346_830172000000000_CHA_2022  |7 0  |8 A  |9 582595  |a BIBGIM  |b BIBGIM  |c GEN  |d 2022-04-13  |e 142  |g 32806.67  |i 5650597  |o 346.830172 CHA 2022  |p 5650597  |r 2025-01-15  |t 2  |v 32806.67  |w 2022-04-13  |y BK  |k SSL